Casey at the bat / (Record no. 41200)
[ view plain ]
| 000 -LEADER | |
|---|---|
| fixed length control field | 00954cam a2200277 a 4500 |
| 001 - CONTROL NUMBER | |
| control field | ocm10753356 |
| 003 - CONTROL NUMBER IDENTIFIER | |
| control field | OCoLC |
| 005 - DATE AND TIME OF LATEST TRANSACTION | |
| control field | 20180130074854.0 |
| 008 - FIXED-LENGTH DATA ELEMENTS--GENERAL INFORMATION | |
| fixed length control field | 840425s1985 wiua j 00010 eng |
| 010 ## - LIBRARY OF CONGRESS CONTROL NUMBER | |
| LC control number | 84009891 /AC |
| 020 ## - INTERNATIONAL STANDARD BOOK NUMBER | |
| International Standard Book Number | 0817221212 : |
| Terms of availability | $14.25 |
| 040 ## - CATALOGING SOURCE | |
| Original cataloging agency | DLC |
| Transcribing agency | DLC |
| 050 0# - LIBRARY OF CONGRESS CALL NUMBER | |
| Classification number | PS3014.T3 |
| Item number | C3 1985 |
| 082 0# - DEWEY DECIMAL CLASSIFICATION NUMBER | |
| Classification number | 811/.52 |
| Edition number | 19 |
| 100 1# - MAIN ENTRY--PERSONAL NAME | |
| Personal name | Thayer, Ernest Lawrence, |
| Dates associated with a name | 1863-1940. |
| 9 (RLIN) | 21535 |
| 245 10 - TITLE STATEMENT | |
| Title | Casey at the bat / |
| 260 ## - PUBLICATION, DISTRIBUTION, ETC. (IMPRINT) | |
| Place of publication, distribution, etc | Milwaukee : |
| Name of publisher, distributor, etc | Raintree Childrens Books, |
| Date of publication, distribution, etc | c1985. |
| 300 ## - PHYSICAL DESCRIPTION | |
| Extent | 31 p. : |
| Other physical details | col. ill. ; |
| Dimensions | 25 cm. |
| 520 ## - SUMMARY, ETC. | |
| Summary, etc | A narrative poem about a celebrated baseball player who strikes out at the crucial moment of a game. |
| 650 #1 - SUBJECT ADDED ENTRY--TOPICAL TERM | |
| Topical term or geographic name as entry element | Baseball |
| General subdivision | Poetry. |
| Topical term or geographic name as entry element | Baseball |
| General subdivision | Juvenile poetry. |
| Topical term or geographic name as entry element | Children's poetry, American. |
| 700 1# - ADDED ENTRY--PERSONAL NAME | |
| Personal name | Bachaus, Ken. |
| 9 (RLIN) | 21538 |
| 942 ## - ADDED ENTRY ELEMENTS (KOHA) | |
| Source of classification or shelving scheme | Dewey Decimal Classification |
| Koha item type | JNF |
| Lost status | Collection code | Current library | Shelving location | Full call number | Barcode Number | Koha item type |
|---|---|---|---|---|---|---|
| Juvenile Nonfiction | Chamberlin Free Public Library | Juvenile | J 811.52 THA | 34517000176449 | JNF |